000 01003nam a22003137a 4500
003 CHAP
005 20220329134023.0
008 971013s1974 r 00010 d
010 _a14213
011 _a15185
035 _a19260
040 _cCHAP
082 _a627.52
_bG6
100 0 0 _aGonzález Olmedo, José.
_949235
245 _aManual de prácticas de riegos y drenajes
260 _aCd. Universitaria :
_bUniv. de El Salvador. Depto. de Ingeniería Agrícola,
_c1974
300 _aPág. varía
_b: ilus. ; gráfs
490 _aMaterial de enseñanza
590 _aBATCH-UPD
_b10
_c20130110
_lUCH01
_h1107
590 _aBATCH-UPD
_b10
_c20130410
_lUCH01
_h0659
590 _aBATCH-UPD
_b10
_c20130914
_lUCH01
_h1221
590 _aCONVERSION
_b10
_c20130109
_lUCH01
_h1309
650 1 4 _aDrenaje.
_934190
650 1 4 _aIrrigación.
_960366
830 0 _aMaterial de enseñanza
_972937
901 _aBK
942 _cLIBRO
949 _a627.52 G6
_bBC
_cLIBRO
_d33724000023511
_eLIBRO
_h35423
_i19260
_sb
999 _c14213
_d14213